[Event "IECG QN.2003.0.00304 email "]
[Site "IECG email"]
[Date "2003.12.21"]
[Round "?"]
[White "Paccione, Patrizio"]
[Black "Germany, Brad"]
[Result "0-1"]
[WhiteElo "724"]
[BlackElo "800"]
[PlyCount "46"]
[EventDate "2003.12.21"]
[EventType "tourn (corr)"]
[EventRounds "6"]
[SourceTitle "Corr 2008"]
[Source "ChessBase"]
[SourceDate "2008.06.24"]
[SourceVersion "1"]
[SourceVersionDate "2008.06.24"]
[SourceQuality "1"]

1. b3 e6 2. Bb2 Nc6 3. e3 d6 4. d4 d5 5. Nc3 Nf6 6. Be2 Bd6 7. Nf3 0-0 8. 0-0 Re8 9. h3 e5 10. dxe5 Bxe5 11. Nxe5 Nxe5 12. f4 Nc6 13. Bb5 Rxe3 14. Bxc6 bxc6 15. Re1 Re7 16. Ba3 Re8 17. Bb2 h6 18. Qd2 Bf5 19. Rxe8+ Qxe8 20. Re1 Ne4 21. Nxe4 Bxe4 22. Qd4 f6 23. c4 Qg6 0-1

[Event "IECG QN.2003.0.00304 email "]
[Site "IECG email"]
[Date "2003.12.21"]
[Round "?"]
[White "Van der Heijden, Lourens"]
[Black "Germany, Brad"]
[Result "1/2-1/2"]
[WhiteElo "798"]
[BlackElo "800"]
[PlyCount "74"]
[EventDate "2003.12.21"]
[EventType "tourn (corr)"]
[EventRounds "6"]
[SourceTitle "Corr 2008"]
[Source "ChessBase"]
[SourceDate "2008.06.24"]
[SourceVersion "1"]
[SourceVersionDate "2008.06.24"]
[SourceQuality "1"]

1. e4 e5 2. Nf3 Nc6 3. Bc4 Nf6 4. Nc3 d6 5. d3 Be6 6. Bxe6 fxe6 7. Bg5 h6 8. Be3 d5 9. exd5 exd5 10. d4 Bd6 11. Nxe5 Bxe5 12. dxe5 Nxe5 13. Bd4 Nc6 14. 0-0 0-0 15. Re1 Qd7 16. Re3 Qg4 17. Bxf6 Qxd1+ 18. Rxd1 Rxf6 19. Rxd5 Raf8 20. Ne4 Re6 21. Nc5 Rxe3 22. fxe3 Nb4 23. Rd2 Nxa2 24. Nxb7 Rb8 25. Rd8+ Rxd8 26. Nxd8 Nb4 27. c3 Nc2 28. e4 Kf8 29. Nc6 a6 30. Kf2 Kf7 31. Nd4 Nxd4 32. cxd4 Ke6 33. Ke3 Kd6 34. Kd3 Ke6 35. Kc4 Kd7 36. e5 Ke6 37. b4 h5 1/2-1/2